000
00192nam a2200085Ia 4500
008
120527s9999 xx 000 0 und d
100
_a
UKA, K.
245
_a
M.D YUSUF Beyond the cop
942
_c
BK
999
_c
25802
_d
25802